Musical Songs Fill-in-the-Blank Quiz Stats

 Plays Quiz Updated Mar 19, 2012

Challenge
Share
Tweet
Embed
Score 0/52 Timer 07:00
3 Plays Today
Song Title Missing Word % Correct
Can You Feel the Love ____?Tonight
93.8%
Be Our ____Guest
88.7%
A ____ of SugarSpoonful
87.8%
What I Did For ____Love
87.7%
Don't ____ on My ParadeRain
85.9%
Let's Call the ____ Thing OffWhole
84.3%
Put on a ____ FaceHappy
83.3%
Hopelessly ____ to YouDevoted
83.3%
If I Were ____ of the ForestKing
81.8%
Don't Cry For Me, ____Argentina
79.1%
No ____ DeedGood
78.7%
____ the GirlKiss
75.8%
____ Be a LadyLuck
74.9%
I Won't ____ UpGrow
74.8%
If I Were a ____ ManRich
73.2%
I Feel ____Pretty
72.4%
I'm Gonna Wash That ___ Right Outa My HairMan
72%
Get Me to the ____ on TimeChurch
70.2%
You're Never Fully ____ Without a SmileDressed
68.1%
Food, ____ FoodGlorious
61.3%
Everything's Coming Up ____Roses
58.7%
Ol' Man ____River
57.9%
The ____ and His WifeBarber
56.8%
I ____ a Happy TuneWhistle
55.8%
And I Am ____ You I'm Not GoingTelling
54.9%
_____ of LoveSeasons
49.4%
Song Title Missing Word % Correct
Thank ____ for Little GirlsHeaven
49.2%
____ You Can DoAnything
48.4%
____ Like a ManWalk
48.3%
I Enjoy Being a ____Girl
47.8%
Cell Block ____Tango
47.8%
The ____ with the Fringe on TopSurrey
45.9%
Science ____ Double FeatureFiction
42.8%
The People Versus ____ the ElephantHorton
42.5%
The ____ DreamImpossible
40.9%
Big, ____ and BeautifulBlonde
40.8%
The Lonely ____Goatherd
38.6%
Whatever ____ WantsLola
37.5%
In My Own Little ____Corner
35.2%
Marian the ____Librarian
34.8%
Three is a ____ NumberMagic
34.6%
Suddenly ____Seymour
33.9%
____ of MusicAngel
32.3%
I Am the Very ____ of a Modern Major-GeneralModel
32%
King ____ SongArthur's
31.7%
Big ____Spender
27.2%
Our Last ____Summer
27%
____ Ye the Way of the LordPrepare
21.2%
We Need a Little ____Christmas
20.8%
____ Your Beautiful HideBless
20.1%
The ____ SongTrolley
18.4%
If You ____Believe
18.1%

You're not logged in!

Compare scores with friends on all Sporcle quizzes.
Join for Free
OR
Log In

You Might Also Like...

Show Comments

Extras

Top Quizzes Today


Score Distribution

Your Account Isn't Verified!

In order to create a playlist on Sporcle, you need to verify the email address you used during registration. Go to your Sporcle Settings to finish the process.

Report this User

Report this user for behavior that violates our Community Guidelines.

Details: